Planificació sanitària comarcal : programa Altebrat : [Terra Alta, Ribera d'Ebre, Priorat] / Generalitat de Catalunya, Direcció General d'Assistència Sanitària programa Altebrat :
Descripción Física:
141 p. : il. ; 24 cm
MARC
| LEADER | 00000nam a2200000Ia 4500 | ||
|---|---|---|---|
| 001 | 1276 | ||
| 008 | 160829s1984 xx 000 0 cat d | ||
| 080 | |a C-2-60 | ||
| 110 | 1 | |a Catalunya. |b Direcció General d'Assistència Sanitària |9 54116 | |
| 245 | |a Planificació sanitària comarcal : |b programa Altebrat : |b [Terra Alta, Ribera d'Ebre, Priorat] / Generalitat de Catalunya, Direcció General d'Assistència Sanitària | ||
| 260 | |a Barcelona : |b [la Direcció General], |c 1984 | ||
| 300 | |a 141 p. : |b il. ; |c 24 cm | ||
| 650 | |a Salut pública |x Planificació |x Terra Alta |9 20116 | ||
| 650 | |a Salut pública |x Planificació |x Ribera d'Ebre |9 20117 | ||
| 650 | |a Salut pública |x Planificació |x Priorat |9 20118 | ||
| 901 | |a Arxiu | ||
| 942 | |n 1 | ||
| 952 | |0 0 |1 0 |4 0 |6 C260 |7 1 |9 41450 |a Arxiu |b Arxiu |d 2016-12-01 |l 0 |o C-2-60 |p 1276 |r 2016-12-01 00:00:00 |w 2016-12-01 |y ARXIU | ||
| 999 | |c 43257 |d 43257 | ||